00561nam a2200193Ia 4500008004100000020000700041082001500048100001600063245002300079250000700102260003200109300002900141500000700170600003300177650002400210942000700234952010900241999001700350240925s9999 xx 000 0 und d aNA a796.44 HUT aHutton, Len 0aCricket is My Life aNA aLondon:bHutchinsonc,1949. axxv,736p.bN.AfOriginal aNA aHumanities & Natural Science aArts and Recreation cBK 001040708HUMaUITUbUITUd2013-01-02eGiftl0o796.44 HUTpQ9607r2024-09-25 07:15:22w2024-09-25yBK c12106d12106